000 00610nam a2200217 4500
001 45312
010 _a9724231771
021 _b207349/04
090 _a45312
100 _a20050117d2004 m y0pory5003 ba
101 1 _apor
102 _aPT
200 1 _aCinco quartos de laranja
_fJoanne Harris
_gtrad. Sara Santa Clara
210 9 _aLisboa
_cCírculo de Leitores,
_dD.L. 2004
215 _a319, [1] p.
_d24 cm
304 _aTít. orig.: Five quarters of the orange
675 _a821.111-31"19/20"
_vBN
_zpor
700 1 _aHarris,
_bJoanne,
_f1964-
702 1 _aSanta-Clara,
_bSara
_4730
801 _aPT
_gRPC
990 _cLIVROS